| 000 | 00507cam a22001934a 4500 | ||
|---|---|---|---|
| 005 | 20250605163433.0 | ||
| 008 | 250528s ||||||||||||||||||||||||d | ||
| 035 | _a19189 | ||
| 020 | _a4704533 | ||
| 040 |
_aGR-AtMCL _bgre _dGR-AtMCL _eAACR2 |
||
| 245 | 1 | _aCollins English Dictionary / Millenium Edition | |
| 250 | _a4th | ||
| 260 |
_bHarper Collins Publishers, _c1998 |
||
| 300 | _a1788 | ||
| 520 | _aThe World's most Comprehensive Dictionary. | ||
| 942 | _cBK | ||
| 999 |
_c4462 _d4462 |
||